000 00645nam a2200217Ia 4500
008 131103s9999 xx 000 0 und d
040 _aLoreto College
041 _aEnglish
082 _a824.52/ADD
_bLCLIB/1884
100 _aJoseph, Addison
245 4 _aThe Spectator
_cAddison Joseph and Steele Richard; edited by G. Gregory Smith
260 _aLondon
_bJ.M. Dent
_cV.4
300 _a314p.
_c 18c.m.
440 _aEveryman's Library; no.166
504 _aLibrary has V. 3
650 _aRichard, Steele. The Spectator
651 _aEnglish essays
700 _aSmith, G. Gregory; ed.
850 _aLCLIB/824.52/ADD
942 _cBK
999 _c22482
_d72961